ბათუმის შოთა რუსთაველის სახელმწიფო უნივერსიტეტის ბიბლიოთეკა

დანაშაულის ინდივიდუალური შერაცხვის დოქტრინა და პრეცედენტული სამართალი საერთაშორისო სისხლის სამართალში / (ბიბ.ჩანაწერი № 58388)

000 -ლიდერი
ფიქსირებული სიგრძის საკონტროლო ველი 01860nam a22002657a 4500
003 - საკონტროლო ნომრის იდენტიფიკატორი
საკონტროლო ველი Ge_BSU
005 - ბოლო ოპერაციის თარიღი და დრო
საკონტროლო ველი 20211230112406.0
008 - ფიქსირებული სიგრძის მონაცემთა ელემენტები - ზოგადი ინფორმაცია
ფიქსირებული სიგრძის საკონტროლო ველი 211230s2021 ge ||||| |||| 00| 0 geo d
020 ## - წიგნის საერთაშორისო სტანდარტული ნომერი
International Standard Book Number 9789941258190
041 ## - ენის კოდი
Language code of text/sound track or separate title geo
080 ## - უნივერსალური ათობითი კლასიფიკაციის ინდექსი
Universal Decimal Classification number 341.4 დ-26
100 ## - მთავარი ჩანაწერი - პიროვნების სახელი
Personal name დგებუაძე, გიორგი
9 (RLIN) 13372
245 ## - ცნობა სათაურის შესახებ
Title დანაშაულის ინდივიდუალური შერაცხვის დოქტრინა და პრეცედენტული სამართალი საერთაშორისო სისხლის სამართალში /
Statement of responsibility, etc გიორგი დგებუაძე; რედ. მერაბ ტურავა, კლაუს კრესი; ივ. ჯავახიშვილის სახელობის თბილისის სახელმწიფო უნივერსიტეტის იურიდიული ფაკულტეტი.
264 ## - წარმოების, გამოცემის, დისტრიბუციის და სხვა ცნობები
გამოცემის, წარმოების, დისტრიბუციის... ადგილი თბილისი :
გამოცემის, წარმოების, დისტრიბუციის... სახელწოდება მერიდიანი,
გამოცემის, წარმოების, დისტრიბუციის... თარიღი 2021.
300 ## - ფიზიკური აღწერა
Extent 360 გვ.
Other physical details 24 სმ.
500 ## - ზოგადი შენიშვნა
General note პარალ. სათაური ინგლ. ენაზე
501 ## - შენიშვნა თანმხლებ მასალაზე
With note ანბანურ-საგნობრივი საძიებელი გვ.331-359
504 ## - BIBLIOGRAPHY, ETC. NOTE
Bibliography, etc ბიბლიოგრ. გვ. 295-330
653 ## - INDEX TERM--UNCONTROLLED
Uncontrolled term სამართალი
700 ## - ADDED ENTRY--PERSONAL NAME
Personal name ტურავა, მერაბ
Relator term რედაქტორი
9 (RLIN) 9269
700 ## - ADDED ENTRY--PERSONAL NAME
Personal name კრესი, კლაუს
Relator term რედაქტორი
9 (RLIN) 13373
710 ## - ADDED ENTRY--CORPORATE NAME
Corporate name or jurisdiction name as entry element ივ. ჯავახიშვილის სახელობის თბილისის სახელმწიფო უნივერსიტეტი
Subordinate unit იურიდიული ფაკულტეტი
9 (RLIN) 13374
773 ## - HOST ITEM ENTRY
Title ნაჩუქარი
942 ## - ADDED ENTRY ELEMENTS (KOHA)
Source of classification or shelving scheme
Koha item type წიგნი
ეგზემპლარები
ჩამოწერის სტატუსი დაკარგული ეგზემპლარის სტატუსი კლასიფიკაციის წყარო ან თაროზე გაწყობის სქემა დაზიანების სტატუსი არ გაიცემა მუდმივი მდებარეობა (დაცვის ადგილი) ამჟამინდელი ადგილსამყოფელი თაროზე განთავსების ადგილი შეძენის თარიღი ღირებულება, შესყიდვის ნორმალური ფასი სრული შენახვის შიფრი შტრიხკოდი ბოლო ოპერაციის თარიღი ეგზემპლარის მიმდევრობითი ნომერი (კეტერი?) ფასის ძალაში შესვლის თარიღი ეგზემპლარის სახეობა საჯარო შენიშვნა
          ბათუმის შოთა რუსთაველის სახელმწიფო უნივერსიტეტის მთავარი ბიბლიოთეკა ბათუმის შოთა რუსთაველის სახელმწიფო უნივერსიტეტის მთავარი ბიბლიოთეკა წიგნსაცავი 2021-12-30 15.00 341.4 დ-26 62094 2021-12-30 62094 2021-12-30 წიგნი 15 ლ.